02029cam a2200373 i 450000100090000000300090000900500170001800800410003502000250007602000220010104000430012308200250016610000310019124502450022225000200046726400470048730000460053433600260058033700280060633800270063449000530066150400520071450504690076665000480123565000500128365000400133365300250137365500170139870000340141570000320144994200120148199900170149395201450151017922888EG-ScBUE20250518092832.0131030s2014 enka f b 001 0 eng d a9780199678808 (pbk.) a0199678804 (pbk.) aEG-ScBUEbengerdacEG-ScBUEdEG-ScBUE04a532.0501515bELM2221 aElman, Howard C.,eauthor.10aFinite elements and fast iterative solvers :bwith applications in incompressible fluid dynamics /cHoward C. Elman, University of Maryland, College Park, David J. Silvester, University of Manchester, Andrew J. Wathen, University of Oxford. aSecond edition. 1aOxford : bOxford University Press,c2014. axiv, 479 pages :billustrations ;c24 cm. 2rdacontentatextbtxt aunmediated2rdamediabn avolumebnc2rdacarrier0 aNumerical mathematics and scientific computation aIncludes bibliographical references and index. 0 aModels of incompressible fluid flow -- The Poisson equation -- Solution of discrete Poisson problems -- The Stokes equations -- Solution of discrete Stokes problems -- Optimization with PDE constraints -- The convection-diffusion equation -- Solution of discrete convection-diffusion problems -- The Navier-Stokes equations -- Solution of discrete Navier-Stokes problems -- Solution of unsteady Navier-Stokes problems -- Solution of models of buoyancy-driven flow. 7aComputational fluid dynamics.2BUEsh934924 7aDifferential equations, Partial.2BUEsh97957 7aFinite element method.2BUEsh92126 bENGGENcNovember2016 vReading book1 aSilvester, David J.,eauthor.1 aWathen, Andrew J.,eauthor. 2ddccBB c22999d22971 00102ddc40708BaccahaMAINbMAINc1STd2016-11-02ePurchaseg490.00h3636l0o532.0501515 ELMp000034255r2025-07-15 00:00:00v613.00yBB